=LDR 00000nam 2200000 4500 =001 INLIS000000000005867 =005 20130612094046 =008 ***********************************Ind** =035 ##$$0010-061300000005867 =041 ##$$a Ind =082 ##$$a 100.991 =090 ##$$a 100.991, Nas d =100 ##$$a Nasrum, M =245 ##$$a Dasar falsafah adat Minangkabau, Pro. dr. M. Nasroen =260 ##$$a 21 cm $b Jakarta =300 ##$$a 232 hlm., 21 cm =650 ##$$a Filsafat